[Event "Finland Team Ch"]
[Site "Jyväskylä FIN"]
[Date "2017.09.16"]
[Round "1"]
[White "Hurme, Harri"]
[Black "Vilppolainen, Markku"]
[Result "1-0"]
[Section "I Division:B"]
[Board "1"]
[WhiteTeam "Lauttasaaren Suomalainen Shakkikerho"]
[BlackTeam "Jyväs-Shakki 2"]
[WhiteElo "2260"]
[BlackElo "2090"]
[WhiteTitle "FM"]

1.d4 Nf6 2.c4 d6 3.Nc3 e5 4.Nf3 Nbd7 5.e4 g6 6.d5 Nc5 7.Bd3 Bg4 8.Bc2 a5 9.h3
Bxf3 10.Qxf3 h5 11.O-O Nfd7 12.b3 Qf6 13.Qxf6 Nxf6 14.a3 c6 15.Rb1 cxd5
16.exd5 Rc8 17.f4 Nfd7 18.Nb5 f5 19.Bb2 Rh7 20.Rbe1 e4 21.g4 hxg4 22.hxg4 Be7
23.g5 Nb6 24.a4 Na8 25.Kg2 Kd7 26.Rh1 Rxh1 27.Rxh1 Nc7 28.Nxc7 Rxc7 29.Rh6 1-0

[Event "Finland Team Ch"]
[Site "Jyväskylä FIN"]
[Date "2017.09.16"]
[Round "1"]
[White "Galchenko, Vadim"]
[Black "Saren, Ilkka"]
[Result "1/2-1/2"]
[Section "I Division:B"]
[Board "2"]
[WhiteTeam "Jyväs-Shakki 2"]
[BlackTeam "Lauttasaaren Suomalainen Shakkikerho"]
[WhiteElo "2076"]
[BlackElo "2071"]

1.c4 e6 2.Nf3 Nf6 3.g3 b6 4.Bg2 Bb7 5.O-O Be7 6.b3 O-O 7.Bb2 c5 8.Qc2 d5 9.Ne5
Nbd7 10.e3 Qc7 11.Nxd7 Qxd7 12.d3 dxc4 13.bxc4 Bxg2 14.Kxg2 Rfd8 15.Rd1 Qc6+
16.f3 Rd7 17.Nd2 Rad8 18.Nf1 Ne8 19.Rd2 Bf6 20.Rad1 Bxb2 21.Qxb2 Nf6 22.Kf2 h6
23.g4 Nh7 24.h4 Qc7 25.Ng3 f6 26.Qc3 e5 27.Rg1 Qb8 28.a4 Qc7 29.Nf5 Kf7 30.Kg2
Qc6 31.Ra1 e4 32.Rad1 exf3+ 33.Kf2 Qxa4 34.d4 Qb4 35.Qxb4 cxb4 36.d5 Nf8 37.h5
Rc7 38.Rc1 Nd7 39.Nd6+ Ke7 40.Nb5 Rc5 41.Nxa7 Ne5 42.Kg3 Rd7 43.Ra2 b3 44.Ra6
b2 45.Rb1 Rxc4 46.Nc6+ Nxc6 47.dxc6 Rxc6 48.Rxb2 Rb7 49.Kxf3 Re6 50.Rb5 Kd7
51.Kf4 Kc6 52.Rf5 Rd6 53.e4 Rd4 54.Ke3 Rb4 55.Ra3 Re7 56.Rc3+ Kb7 57.Rf4 Re5
58.Rd3 Re7 59.Rc3 b5 60.Kd3 Rd7+ 61.Ke3 Rdd4 62.Rc5 Rd7 63.Rff5 Kb6 64.Rc8 Re7
65.Rb8+ Kc6 66.Rf4 Kc7 67.Rg8 Rc4 68.Ra8 Kb7 69.Ra5 Kb6 70.Ra8 Ra4 71.Rb8+ Kc6
72.Kd3 Rd7+ 73.Kc3 Rc4+ 74.Kb3 Rd3+ 75.Kb2 Rdd4 76.Rg8 Rxe4 77.Rxe4 Rxe4
78.Rxg7 Kd6 79.Kc3 Ke5 80.Kd3 Ra4 81.Rg6 Rf4 82.Rxh6 Rxg4 83.Rh8 Rg3+ 84.Ke2
b4 85.h6 Rh3 86.h7 Kf5 87.Rb8 Rxh7 88.Rxb4 Rh3 89.Kf2 Ra3 90.Rc4 Kg5 91.Rb4 f5
92.Rc4 Ra2+ 93.Kf3 1/2-1/2

[Event "Finland Team Ch"]
[Site "Jyväskylä FIN"]
[Date "2017.09.16"]
[Round "1"]
[White "Heikkinen, Jyrki"]
[Black "Hartio, Ilkka"]
[Result "0-1"]
[Section "I Division:B"]
[Board "3"]
[WhiteTeam "Lauttasaaren Suomalainen Shakkikerho"]
[BlackTeam "Jyväs-Shakki 2"]
[WhiteElo "2060"]
[BlackElo "2069"]

1.d4 Nf6 2.f3 d5 3.e4 dxe4 4.Nc3 c5 5.d5 exf3 6.Nxf3 g6 7.Bg5 Bg7 8.Qd2 h6
9.Be3 Nbd7 10.Bb5 a6 11.Bxd7+ Bxd7 12.Bxc5 O-O 13.Be3 Kh7 14.O-O Rc8 15.Rad1
Qc7 16.h3 b5 17.a3 a5 18.Bf4 Qc5+ 19.Be3 Qc7 20.Ne1? b4 21.axb4 axb4 22.Nb1
Bb5 23.Qxb4? Bxf1 24.Kxf1 Rb8 25.Qc5 Qe5 26.b3 Ne4 27.Qc4 Ng3+ 28.Kf2 Nf5
29.Bf4 Qf6 30.Kg1 Rbc8 31.Qd3 Nd4 32.Be3 Nf5 33.c4 Rfd8 34.Bf4 e6 35.Nf3 exd5
36.cxd5 Qb6+ 37.Kh2 Nd6 38.Na3? Rc3 39.Qe2 Qxb3 40.Nb1 Rc2 41.Qf1 Qc4 42.Qxc4
Rxc4 43.Be3 Re8 44.Nbd2 Rxe3 45.Nxc4 Nxc4 46.d6 Re8 0-1

[Event "Finland Team Ch"]
[Site "Jyväskylä FIN"]
[Date "2017.09.16"]
[Round "1"]
[White "Seppälä, Aki"]
[Black "Tuovinen, Jukka"]
[Result "1/2-1/2"]
[Section "I Division:B"]
[Board "4"]
[WhiteTeam "Jyväs-Shakki 2"]
[BlackTeam "Lauttasaaren Suomalainen Shakkikerho"]
[WhiteElo "2052"]
[BlackElo "2017"]

1.e4 e5 2.Nf3 Nc6 3.d4 exd4 4.Bc4 d6 5.Nxd4 Nf6 6.O-O Be7 7.Nc3 O-O 8.Bb5 Nxd4
9.Qxd4 c6 10.Be2 Qa5 11.Bf4 Rd8 12.h3 Be6 13.a4 d5 14.exd5 Nxd5 15.Nxd5 Bxd5
16.Bd2 Qc7 17.Bf4 Qa5 18.Bd2 Qc5 19.Qxc5 Bxc5 20.Bd3 Bd4 21.Rab1 Bf6 22.b3 h6
23.Rfe1 Re8 24.Rxe8+ Rxe8 25.Be3 a6 26.Bd2 Bd4 1/2-1/2

[Event "Finland Team Ch"]
[Site "Jyväskylä FIN"]
[Date "2017.09.16"]
[Round "1"]
[White "Aakio, Seppo"]
[Black "Hintikka, Eero"]
[Result "1/2-1/2"]
[Section "I Division:B"]
[Board "5"]
[WhiteTeam "Lauttasaaren Suomalainen Shakkikerho"]
[BlackTeam "Jyväs-Shakki 2"]
[WhiteElo "2001"]
[BlackElo "2022"]

1.e3 c5 2.d4 g6 3.f4 Bg7 4.Nf3 Nf6 5.Bd3 O-O 6.O-O Qc7 7.c3 Nc6 8.Qe1 cxd4
9.exd4 d6 10.Nbd2 e5 11.fxe5 dxe5 12.Nxe5 Nxe5 13.Qxe5 Qxe5 14.dxe5 Ng4 15.Nf3
Nxe5 16.Nxe5 Bxe5 17.Bh6 Bg7 18.Bxg7 Kxg7 19.Bc4 Bf5 20.Rad1 Rad8 21.h3 h5
22.Kf2 1/2-1/2

[Event "Finland Team Ch"]
[Site "Jyväskylä FIN"]
[Date "2017.09.16"]
[Round "1"]
[White "Salmelin, Aaro"]
[Black "Nyrhinen, Harri"]
[Result "0-1"]
[Section "I Division:B"]
[Board "6"]
[WhiteTeam "Jyväs-Shakki 2"]
[BlackTeam "Lauttasaaren Suomalainen Shakkikerho"]
[WhiteElo "1960"]
[BlackElo "1994"]

1.d4 Nf6 2.c4 c5 3.Nf3 g6 4.Bg5 Bg7 5.e3 O-O 6.Nc3 d6 7.h3 Na6 8.a3 Bd7 9.Be2
Bc6 10.d5 Bd7 11.O-O Rb8 12.Qd2 Nc7 13.Rab1 b5 14.b3 b4 15.axb4 cxb4 16.Bxf6
Bxf6 17.Ne4 Bg7 18.Nd4 f5 19.Ng3 Qc8 20.Bf3 Na6 21.Ra1 Rb6 22.Nge2 Rf6 23.Nf4
Qb8 24.Ra2 Nc5 25.Qc2 a6 26.Rd1 Qc8 27.Qb1 Kf8 28.Rad2 a5 29.Nd3 Nxd3 30.Qxd3
a4 31.bxa4 Bxa4 32.Rb1 Bd7 33.Ra2 f4 34.Rba1 fxe3 35.fxe3 Rf7 36.Qb3 Be5
37.Ra8 Rb8 38.Rxb8 Qxb8 39.Rb1 Qa7 40.Qxb4 Bxd4 41.exd4 Qxd4+ 42.Kh1 Bxh3
43.Qb8+ Kg7 44.Qb2 Qxb2 45.Rxb2 Rf4 46.Rc2 Bf5 47.Rc3 Rd4 48.Kg1 Rd3 49.Rc1
Rd2 50.c5 dxc5 51.Rxc5 h5 52.Rc6 h4 53.Rb6 g5 54.Rb4 Kf6 55.Ra4 Ke5 56.Kh2 Rd4
57.Ra7 g4 58.Bxg4 Bxg4 59.Rxe7+ Kxd5 60.Rh7 Bf5 61.Rh5 Ke6 62.Rh8 Kf6 63.Rf8+
Kg5 64.Rg8+ Kf6 65.Re8 Rg4 66.Rb8 Kg5 67.Rb5 Kf4 68.Rb4+ Kg5 69.Rb5 Rg3 70.Rb8
Be4 71.Rb2 Kf4 72.Ra2 Rc3 73.Rf2+ Ke3 74.Rb2 Kf4 75.Rf2+ Kg4 76.Rf8 Rg3 77.Rf2
h3 0-1

[Event "Finland Team Ch"]
[Site "Jyväskylä FIN"]
[Date "2017.09.16"]
[Round "1"]
[White "Kivinen, Jyrki"]
[Black "Raitanen, Markku"]
[Result "1-0"]
[Section "I Division:B"]
[Board "5"]
[WhiteTeam "Lauttasaaren Suomalainen Shakkikerho"]
[BlackTeam "Jyväs-Shakki 2"]
[WhiteElo "1984"]
[BlackElo "1720"]

1.e4 c5 2.Nf3 d6 3.d4 cxd4 4.Nxd4 Nf6 5.Nc3 g6 6.Be3 Bg7 7.f3 Nc6 8.Qd2 O-O
9.O-O-O d5 10.exd5 Nxd5 11.Nxc6 bxc6 12.Nxd5 cxd5 13.Qxd5 Qc7 14.Qc5 Qb7
15.Qa3 Bf5 16.Ba6 Qc6 17.Bd3 Rab8 18.c3 Rfc8 19.Bxf5 gxf5 20.Rd3 e5 21.Re1 e4
22.Rd6 Qc4 23.Qa6 Qc7 24.Bd2 Be5 25.Rd5 Rb6 26.Qe2 Rcb8 27.b3 Bxc3 28.Kd1 Rd6
29.fxe4 Bxd2 30.Qxd2 Rxd5 31.exd5 Qd6 32.Qg5+ Qg6 33.Qxg6+ hxg6 34.Re7 a5
35.Ra7 Rb5 36.d6 Rd5+ 37.Ke2 Rxd6 38.Rxa5 Re6+ 39.Kf3 Kg7 40.Rb5 Kf6 41.a4 Rc6
42.Rd5 Rc3+ 43.Ke2 Rxb3 44.Rd3 Rb4 45.Ra3 g5 46.a5 Ke5 47.a6 Rb2+ 48.Kd3 Rb8
49.a7 Ra8 50.Kc4 g4 51.Kb5 f4 52.Kb6 Ke4 53.Kb7 Rxa7+ 54.Rxa7 f3 55.Ra2 Ke3
56.gxf3 gxf3 57.h4 Kf4 58.h5 Kg5 59.Rh2 Kh6 60.Kc6 1-0

[Event "Finland Team Ch"]
[Site "Jyväskylä FIN"]
[Date "2017.09.16"]
[Round "1"]
[White "Laihonen, Hanna"]
[Black "Sobenin, Evgeny"]
[Result "0-1"]
[Section "I Division:B"]
[Board "8"]
[WhiteTeam "Jyväs-Shakki 2"]
[BlackTeam "Lauttasaaren Suomalainen Shakkikerho"]
[WhiteElo "1601"]
[BlackElo "1968"]

1.e4 c6 2.d4 d5 3.f3 dxe4 4.fxe4 Nf6 5.Nc3 Bg4 6.Nf3 e6 7.Be2 Bb4 8.Bg5 h6
9.Bxf6 Qxf6 10.O-O O-O 11.Ne5 Bxe2 12.Qxe2 Qe7 13.Rf3 Nd7 14.Ng4 h5 15.Ne3 c5
16.d5 Bxc3 17.bxc3 Nf6 18.Rh3 g6 19.Rf1 Kg7 20.Qf3 exd5 21.exd5 Ne4 22.d6 Nxd6
23.Nd5 Qe5 24.Rg3 Ne4 25.Re1 Qxd5 26.Rxe4 Rae8 27.Re3 Qxf3 28.Rgxf3 Rxe3
29.Rxe3 Kf6 30.Kf2 Rd8 31.Re2 Rd5 32.Re8 Rd2+ 33.Re2 Rxe2+ 34.Kxe2 Ke5 35.Ke3
g5 36.c4 f5 37.c3 f4+ 38.Ke2 Ke4 39.a4 a5 40.h3 g4 41.h4 f3+ 42.gxf3+ gxf3+
43.Kf2 Kf4 44.Kf1 Kg3 45.Kg1 Kxh4 46.Kh2 Kg4 47.Kh1 Kg3 48.Kg1 f2+ 49.Kf1 h4
50.Ke2 Kg2 51.Kd2 f1=Q 0-1

[Event "Finland Team Ch"]
[Site "Helsinki FIN"]
[Date "2017.09.16"]
[Round "1"]
[White "Uimonen, Matti"]
[Black "Vesely, Petr"]
[Result "1-0"]
[Section "II Division:2"]
[Board "1"]
[WhiteTeam "Helsingin Shakkiklubi 2"]
[BlackTeam "Lauttasaaren Suomalainen Shakkikerho 2"]
[WhiteElo "2109"]
[BlackElo "1961"]

1.d4 d5 2.c4 c6 3.Nc3 Nf6 4.e3 g6 5.Nf3 Bg4 6.h3 Bxf3 7.Qxf3 Bg7 8.Bd3 O-O
9.O-O Qd6 10.cxd5 Nxd5 11.Rd1 Nd7 12.Bf1 Rad8 13.e4 N5b6 14.Be3 e5 15.d5 cxd5
16.Nxd5 Nxd5 17.Rxd5 Qb8 18.Bg5 f6 19.Qb3 Kh8 20.Be3 f5 21.Rad1 Nf6 22.Rxd8
Rxd8 23.Bxa7 Qa8 24.Rxd8+ Qxd8 25.exf5 Qa8 26.Bc5 Qc8 27.Bd6 Ne4 28.Ba3 gxf5
29.Qf7 h6 30.Bc4 Nd2 31.b3 Nxc4 32.bxc4 f4 33.Bd6 Qg8 34.Qxb7 Qxc4 35.Qb8+ Kh7
36.Qc7 Qxa2 37.Bxe5 Qb1+ 38.Kh2 Qg6 39.Bxg7 Qxg7 40.Qxf4 Qb2 41.g4 Kg6 42.h4
Qe2 43.Qf5+ Kg7 44.h5 Qd2 45.Qe5+ Kh7 46.Qe3 Qd6+ 47.f4 Qd1 48.Qe7+ Kg8
49.Qe6+ Kg7 50.Qg6+ Kf8 51.Qxh6+ Kg8 52.Qe6+ Kh7 53.Qe4+ Kg7 54.Kg3 Qd8 55.g5
Qd1 56.Qe7+ 1-0

[Event "Finland Team Ch"]
[Site "Helsinki FIN"]
[Date "2017.09.16"]
[Round "1"]
[White "Joutsivuo, Timo"]
[Black "Mäkinen, Ville"]
[Result "0-1"]
[Section "II Division:2"]
[Board "2"]
[WhiteTeam "Lauttasaaren Suomalainen Shakkikerho 2"]
[BlackTeam "Helsingin Shakkiklubi 2"]
[WhiteElo "1875"]
[BlackElo "2009"]

1.d4 Nf6 2.c4 e6 3.Nc3 Bb4 4.Nf3 c5 5.Bg5 h6 6.Bd2 O-O 7.e3 b6 8.d5 exd5
9.Nxd5 Nxd5 10.cxd5 Bxd2+ 11.Qxd2 d6 12.Bd3 Bg4 13.Qc3 Nd7 14.h3 Bh5 15.g4 Bg6
16.h4 Bxd3 17.Qxd3 Qf6 18.Qe2 Ne5 19.Nxe5 Qxe5 20.O-O-O g6 21.f4 Qe4 22.Qd3
Rae8 23.Qxe4 Rxe4 24.Rd3 Rfe8 25.Kd2 Kg7 26.Re1 R8e7 27.Rc3 Kf6 28.b3 b5
29.Rf1 a5 30.Rf3 a4 31.Kd3 Rb4 32.Rh3 axb3 33.axb3 Ra7 34.Rh2 Ra3 35.Rb2 Ra1
36.Rcc2 Rh1 37.g5+ hxg5 38.hxg5+ Kf5 39.Kc3 Ke4 40.Rf2 Rh3 41.Rh2 Rxe3+ 42.Kc2
Rf3 43.Re2+ Kxd5 44.Kc1 Rf1+ 45.Kc2 Rfxf4 46.Ra2 Rbe4 47.Rg2 Rg4 48.Rf2 Rxg5
49.Ra6 Rf5 50.Rd2+ Rd4 51.Re2 g5 52.Kc1 g4 0-1

[Event "Finland Team Ch"]
[Site "Helsinki FIN"]
[Date "2017.09.16"]
[Round "1"]
[White "Aaltio, Erkki"]
[Black "Kumar, Ashwin"]
[Result "1/2-1/2"]
[Section "II Division:2"]
[Board "3"]
[WhiteTeam "Helsingin Shakkiklubi 2"]
[BlackTeam "Lauttasaaren Suomalainen Shakkikerho 2"]
[WhiteElo "1983"]
[BlackElo "1874"]

1.d4 Nf6 2.c4 Nc6 3.Nc3 e5 4.d5 Ne7 5.e4 Ng6 6.Be3 Bb4 7.f3 O-O 8.Ne2 d6 9.a3
Bc5 10.Qd2 Bd7 11.Bxc5 dxc5 12.Qe3 Qe7 13.g4 h6 14.Ng3 Nf4 15.h4 g6 16.Nce2
Nxe2 17.Bxe2 Kg7 18.g5 Ng8 19.O-O-O h5 20.f4 Ba4 21.Rd2 exf4 22.Qxf4 Rae8
23.Bxh5 Qe5 24.Qxe5+ Rxe5 25.Bd1 Bd7 26.Bc2 Ne7 27.Rf2 a5 28.Rhf1 Bh3 29.Rg1
Nc8 30.Bd3 Nd6 31.Kd2 Rfe8 32.Rf4 b6 33.Kc3 Kg8 34.Rf2 Kf8 35.Rh1 Bg4 36.Rf4
Bd7 37.Rhf1 Bh3 38.R1f2 Kg7 39.Bc2 Bc8 40.Bd3 Bh3 41.Bc2 Bc8 42.b3 R8e7 43.Bd3
Bh3 44.Kd2 Bd7 45.Re2 Re8 46.Kc3 R8e7 47.b4 Nb7 48.Ref2 Be8 49.Nf1 axb4+
50.axb4 cxb4+ 51.Kd4 c5+ 52.dxc6 Nc5 53.Bc2 R5e6 54.Ne3 Rxc6 55.Nd5 Rd7 56.Rf6
Ne6+ 57.Kd3 b5 58.cxb5 Rc3+ 59.Kd2 Rh3 60.Kc1 Rxh4 61.Nxb4 Nxg5 62.R6f4 Rh1+
63.Rf1 Rxf1+ 64.Rxf1 Rb7 65.Nc6 Rxb5 66.Nd4 Rb4 67.Rd1 Kf6 68.Rf1+ Ke5 69.Nf3+
Nxf3 70.Rxf3 f6 71.Kd2 Bc6 72.Kc3 Rd4 73.Rxf6 Kxf6 74.Kxd4 g5 75.e5+ Ke6
76.Bd1 Bg2 77.Bg4+ Ke7 1/2-1/2

[Event "Finland Team Ch"]
[Site "Helsinki FIN"]
[Date "2017.09.16"]
[Round "1"]
[White "Kauppinen, Jyrki"]
[Black "Turtiainen, Tauno"]
[Result "1/2-1/2"]
[Section "II Division:2"]
[Board "4"]
[WhiteTeam "Lauttasaaren Suomalainen Shakkikerho 2"]
[BlackTeam "Helsingin Shakkiklubi 2"]
[WhiteElo "1873"]
[BlackElo "1973"]

1.d4 Nf6 2.Nf3 g6 3.g3 Bg7 4.Bg2 O-O 5.O-O d6 6.b3 c6 7.Bb2 a5 8.c4 Bf5 9.Nc3
Ne4 10.Nh4 Nxc3 11.Bxc3 Bd7 12.e4 c5 13.Qd2 cxd4 14.Bxd4 Bxd4 15.Qxd4 Nc6
16.Qe3 a4 17.Rfc1 Qa5 18.h3 axb3 19.axb3 Qe5 20.Nf3 Qc5 21.Qc3 Rxa1 22.Qxa1
Rc8 23.Rd1 Be6 24.Nd4 Nxd4 25.Qxd4 b5 26.Qxc5 Rxc5 27.cxb5 Rxb5 28.f4 Rxb3
29.Kh2 Rb2 30.g4 f5 31.gxf5 gxf5 32.exf5 Bxf5 33.Kg3 Kf7 34.Re1 Kf6 35.Re3 Rd2
36.Bf3 d5 37.Re5 d4 38.Bg4 Rd3+ 39.Kh4 e6 40.Bxf5 exf5 41.Rd5 Ke6 42.Rd8 h6
43.Re8+ Kd6 44.Re5 Re3 45.Rxf5 d3 46.Rf8 Kd5 47.Kg4 Kd4 48.Rd8+ Kc3 49.Rc8+
Kd2 50.f5 Ke2 51.f6 Rf3 52.Re8+ Kf2 53.Rd8 Rg3+ 54.Kh4 Rf3 55.Kg4 h5+ 56.Kxh5
Rxh3+ 57.Kg6 1/2-1/2

[Event "Finland Team Ch"]
[Site "Helsinki FIN"]
[Date "2017.09.16"]
[Round "1"]
[White "Aura, Kristian"]
[Black "Kokko, Esa"]
[Result "1/2-1/2"]
[Section "II Division:2"]
[Board "5"]
[WhiteTeam "Helsingin Shakkiklubi 2"]
[BlackTeam "Lauttasaaren Suomalainen Shakkikerho 2"]
[WhiteElo "1973"]
[BlackElo "1832"]

1.d4 d6 2.Nf3 Bg4 3.c4 Nd7 4.e4 e5 5.d5 Ngf6 6.Nc3 a5 7.Be2 Nc5 8.Nd2 Nd3+
9.Kf1 Qd7 10.f3 Nxc1 11.Rxc1 Bh5 12.b3 Be7 13.Kf2 O-O 14.Re1 Bg6 15.Kg1 Nh5
16.g3 Bg5 17.f4 exf4 18.Bxh5 fxg3 19.Bg4 gxh2+ 20.Kh1 Qe7 21.Rc2 Bf4 22.Nf3 h5
23.Bf5 Bg3 24.Ree2 Qf6 25.Qd3 h4 26.Nxh2 Bh5 27.Rg2 Rae8 28.Rc1 Qg5 29.Rcg1
Qf4 30.Ne2 Bxe2 31.Qxe2 g6 32.Nf1 Re5 33.Nxg3 hxg3 34.Rxg3 Qxf5 35.exf5 Rxe2
36.fxg6 f5 37.R1g2 Rxg2 38.Kxg2 Kg7 39.Kf3 Rf6 40.Kf4 Rxg6 41.Rg5 Kf6 42.Rxf5+
Ke7 43.Rg5 Rf6+ 44.Ke4 b6 45.Rg7+ Kd8 46.Rg2 Rh6 47.Rf2 Rh3 48.Kd4 Kd7 49.Rf7+
Kc8 50.Rf2 Kb7 51.Rg2 a4 52.b4 c5+ 53.dxc6+ Kxc6 54.b5+ Kd7 55.Rg7+ Ke6
56.Rg6+ Kd7 1/2-1/2

[Event "Finland Team Ch"]
[Site "Helsinki FIN"]
[Date "2017.09.16"]
[Round "1"]
[White "Sulkakoski, Kari"]
[Black "Siikonen, Timo"]
[Result "0-1"]
[Section "III Division:5"]
[Board "3"]
[WhiteTeam "Matinkylän Shakkikerho 5"]
[BlackTeam "Lauttasaaren Suomalainen Shakkikerho 3"]
[WhiteElo "1727"]
[BlackElo "1756"]

1.d4 f5 2.c4 e6 3.Nc3 Nf6 4.g3 d5 5.Bg2 Be7 6.e3 O-O 7.b3 c6 8.Nge2 Ne4 9.O-O
Nd7 10.cxd5 exd5 11.Bb2 Ndf6 12.a4 Bd6 13.Ba3 Bxa3 14.Rxa3 Qe7 15.Ra1 Ng4
16.Qc2 Qg5 17.Nf4 Qh6 18.h3 Ngf6 19.Kh2 g5 20.Nd3 Nh5 21.Ne2 Qd6 22.Kg1 Bd7
23.Nc5 Qc7 24.Bxe4 fxe4 25.Nxd7 Qxd7 26.g4 Ng7 27.Ng3 h5 28.Qe2 Rf3 29.Kg2
hxg4 0-1

[Event "Finland Team Ch"]
[Site "Helsinki FIN"]
[Date "2017.09.16"]
[Round "1"]
[White "Kumpulainen, Kalle"]
[Black "Suihko, Ismo"]
[Result "1-0"]
[Section "III Division:2"]
[Board "1"]
[WhiteTeam "Shakkiseura Remissi 2"]
[BlackTeam "Lauttasaaren Suomalainen Shakkikerho 4"]
[WhiteElo "1973"]
[BlackElo "1683"]

1.e4 e5 2.Nf3 Nc6 3.Bb5 a6 4.Ba4 Nf6 5.O-O b5 6.Bb3 Be7 7.Re1 O-O 8.h3 h6 9.c3
d6 10.d4 Bb7 11.Nbd2 Re8 12.Nf1 Bf8 13.Ng3 Bc8 14.a4 Rb8 15.axb5 axb5 16.Be3
Bd7 17.d5 Ne7 18.Ra7 Nc8 19.Ra5 Ne7 20.Qa1 Bc8 21.Ra7 Bd7 22.Qa3 Ra8 23.Ra1
Rxa7 24.Qxa7 Qb8 25.Nd2 Qxa7 26.Rxa7 Rc8 27.c4 c6 28.cxb5 (28.Nh5 Nxh5
29.Rxd7) cxb5 $2 (28...cxd5 29.exd5 Bxb5 $10) 29.Ne2 (29.Nh5) Rb8 30.f3 Nc8
31.Ra6 Ne8 32.f4 Nc7 33.Ra1 f6 34.Nf3 Be8 35.Rc1 Rb7 $4 (35...Na6 36.Ra1 Nc5
37.Bc2 b4 38.b3 Nb6) 36.fxe5 fxe5 37.Nxe5 dxe5 (37...Ne7) 38.d6+ Kh8 39.Rxc7
$4 (39.dxc7 Bd6 40.Be6 Rxc7 41.Rxc7 Bxc7 42.Bxc8) Rxc7 (39...Nxd6 40.Rc5 Nxe4
41.Rxe5 Re7 42.Be6 Ng5 $10) 40.dxc7 Bd7 41.Nc3 Bd6 42.Nd5 Kh7 $4 (42...Be6
43.Bd2 Bxc7 44.Nxc7 Bxb3) 43.Kf2 Bc6 44.Nb6 Nxb6 45.Bxb6 Bd7 46.Bd5 (46.Bd1
Kg6 47.Bg4) Bc8 47.Bc6 b4 48.Ke3 g5 49.Kd3 Ba6+ 50.Kc2 Bc8 51.Kb3 Kg6 52.Kc4
Kf6 53.Ba5 Ba6+ 54.Bb5 Bc8 55.Kd5 Ke7 56.Kc6 h5 57.Bc4 g4 58.hxg4 hxg4 59.g3
b3 60.Be2 Bd7+ 61.Kb7 Bxc7 62.Kxc7 Be6 63.Bc3 Kf6 64.Kd6 1-0

[Event "Finland Team Ch"]
[Site "Helsinki FIN"]
[Date "2017.09.16"]
[Round "1"]
[White "Paasonen, Pasi"]
[Black "Huttunen, Jarkko"]
[Result "0-1"]
[Section "III Division:2"]
[Board "4"]
[WhiteTeam "Lauttasaaren Suomalainen Shakkikerho 4"]
[BlackTeam "Shakkiseura Remissi 2"]
[WhiteElo "1493"]
[BlackElo "1951"]

1.Nf3 Nf6 2.d4 e6 3.c4 c5 4.e3 Qc7 5.Be2 Be7 6.Nc3 a6 7.a3 b6 8.b3 Bb7 9.Bb2
d6 10.Qc2 Nbd7 11.h3 O-O 12.O-O Rac8 13.Rac1 Qb8 14.Rfd1 Qa8 15.Qb1 cxd4
16.exd4 Nh5 17.d5 Nf4 18.Rc2 exd5 19.cxd5 Nxd5 20.Nxd5 Bxd5 21.Rxc8 Rxc8
22.Bd4 b5 23.b4 Be4 24.Qa1 f6 25.Ne1 Ne5 26.f3 Bd5 27.Qb2 Bf7 28.Nc2 Rc6
29.Ne3 Qc8 30.Kf1 Ng6 31.Bd3 Ne5 32.Be2 (32.Bf5) Nc4 33.Qa1 Bd8 34.Kf2 Bb6
35.Bxb6 Nxb6 36.g4 Qc7 37.Nf5 Bc4 38.Nd4 Bxe2 39.Kxe2 Rc3 40.Kf2 Qc4 41.Kg3
Nd7 42.Nf5 Ne5 43.Rf1 g5 44.Nxd6 Qf4+ 45.Kg2 Rc2+ 0-1

[Event "Finland Team Ch"]
[Site "Tampere FIN"]
[Date "2017.10.21"]
[Round "3"]
[White "Hurme, Harri"]
[Black "Salokangas, Hannu"]
[Result "1-0"]
[Section "I Division:B"]
[Board "1"]
[WhiteTeam "Lauttasaaren Suomalainen Shakkikerho"]
[BlackTeam "Tammer-Shakki 2"]
[WhiteElo "2266"]
[BlackElo "2163"]
[WhiteTitle "FM"]

1.d4 Nf6 2.c4 g6 3.Nc3 d5 4.cxd5 Nxd5 5.e4 Nxc3 6.bxc3 Bg7 7.Bc4 c5 8.Ne2 O-O
9.Be3 Nc6 10.O-O Qc7 11.Rc1 b6 12.Qd2 Rd8 13.f4 Na5 14.Bd3 f5 15.Ng3 e6 16.Qe2
Bb7 17.h4 cxd4 18.cxd4 Qe7 19.h5 Qh4 20.Qf2 fxe4 21.Nxe4 Qxf2+ 22.Kxf2 gxh5
23.Ng5 Bd5 24.Bxh7+ Kf8 25.Rc7 Bh6 26.Rfc1 Bxg5 27.fxg5 1-0

[Event "Finland Team Ch"]
[Site "Tampere FIN"]
[Date "2017.10.21"]
[Round "3"]
[White "Natri, Antero"]
[Black "Saren, Ilkka"]
[Result "1/2-1/2"]
[Section "I Division:B"]
[Board "2"]
[WhiteTeam "Tammer-Shakki 2"]
[BlackTeam "Lauttasaaren Suomalainen Shakkikerho"]
[WhiteElo "2111"]
[BlackElo "2071"]

1.c4 e6 2.g3 d5 3.Bg2 Nf6 4.Nf3 Be7 5.O-O O-O 6.Qc2 b6 7.d4 Bb7 8.Ne5 Qc8
9.Nd2 dxc4 10.Ndxc4 Bxg2 11.Kxg2 Qb7+ 12.f3 c5 13.dxc5 Bxc5 14.Rd1 Rc8 15.Qd3
Nc6 16.Nxc6 Qxc6 17.Bf4 Be7 18.Rac1 Rd8 19.Qb3 Rxd1 20.Rxd1 Rc8 21.Ne5 Qc2
22.Qxc2 Rxc2 23.Rd2 Rc8 24.e4 h6 25.g4 Bb4 26.Re2 Bd6 27.Rd2 Bb4 28.Re2 Bd6
29.a3 Rc5 30.Nd3 Bxf4 31.Nxf4 Kf8 32.Rd2 Ke7 33.Nd3 Rc7 34.Kf2 Nd7 35.Ke3 Rc4
1/2-1/2

[Event "Finland Team Ch"]
[Site "Tampere FIN"]
[Date "2017.10.21"]
[Round "3"]
[White "Heikkinen, Jyrki"]
[Black "Sorvari, Jarmo"]
[Result "1/2-1/2"]
[Section "I Division:B"]
[Board "3"]
[WhiteTeam "Lauttasaaren Suomalainen Shakkikerho"]
[BlackTeam "Tammer-Shakki 2"]
[WhiteElo "2050"]
[BlackElo "2079"]

1.d4 Nf6 2.Nc3 d5 3.e4 dxe4 4.f3 exf3 5.Nxf3 e6 6.Bg5 Be7 7.Bd3 Nbd7 8.Qe2 c5
9.O-O-O cxd4 10.Nxd4 O-O 11.Nf3 a6 12.Rhf1 Qc7 13.Ne4 b6 14.Nxf6+ Nxf6 15.Ne5
(15.Kb1!) Nd5 16.Bxh7+ Kxh7 17.Bxe7 Qxe7 18.Qh5+ Kg8 19.Rd3 Nf6 20.Qh4 Nd5
21.Qh5 Nf6 22.Qh4 1/2-1/2

[Event "Finland Team Ch"]
[Site "Tampere FIN"]
[Date "2017.10.21"]
[Round "3"]
[White "Harju, Jukka"]
[Black "Kauppala, Pekka"]
[Result "0-1"]
[Section "I Division:B"]
[Board "4"]
[WhiteTeam "Tammer-Shakki 2"]
[BlackTeam "Lauttasaaren Suomalainen Shakkikerho"]
[WhiteElo "2055"]
[BlackElo "2053"]

1.f4 g6 2.Nf3 Bg7 3.e3 c5 4.d4 Nf6 5.c3 b6 6.Nbd2 O-O 7.Be2 Bb7 8.O-O d6 9.Re1
Na6 10.Ng5 Nc7 11.Bf3 d5 12.a4 a5 13.b3 h6 14.Nh3 Ne4 15.Bxe4 dxe4 16.Nf2 f5
17.Ba3 Nd5 18.Rc1 Rc8 19.Nc4 Ba6 20.Ne5 Bxe5 21.fxe5 c4 22.g4 Qd7 23.b4 axb4
24.Bxb4 Nxb4 25.cxb4 Bb7 26.gxf5 Rxf5 27.Rf1 Rf3 28.Qe2 c3 29.a5 Bd5 30.Qe1 c2
31.Nh1 Qg4+ 32.Ng3 h5 33.Rxf3 exf3 34.e4 Bb7 35.Kf2 h4 36.Nf1 Qg2+ 37.Ke3 Bxe4
38.Qxh4 g5 39.Qe1 Rc3+ 0-1

[Event "Finland Team Ch"]
[Site "Tampere FIN"]
[Date "2017.10.21"]
[Round "3"]
[White "Nyrhinen, Harri"]
[Black "Mäki, Juha"]
[Result "1/2-1/2"]
[Section "I Division:B"]
[Board "5"]
[WhiteTeam "Lauttasaaren Suomalainen Shakkikerho"]
[BlackTeam "Tammer-Shakki 2"]
[WhiteElo "2005"]
[BlackElo "1974"]

1.e4 e6 2.d4 d5 3.e5 c5 4.c3 Qb6 5.Nf3 Nc6 6.a3 c4 7.Nbd2 Na5 8.Be2 Bd7 9.O-O
Ne7 10.Rb1 h6 11.Qc2 Qc7 12.Ne1 Nc8 13.f4 g6 14.Bg4 Nb6 15.Ndf3 Ba4 16.Qe2 Bb3
17.Nc2 O-O-O 18.Nb4 Be7 19.Be3 Rdg8 20.Nd2 Kb8 21.Qe1 Qd7 1/2-1/2

[Event "Finland Team Ch"]
[Site "Tampere FIN"]
[Date "2017.10.21"]
[Round "3"]
[White "Mustelin, Juhani"]
[Black "Kivinen, Jyrki"]
[Result "0-1"]
[Section "I Division:B"]
[Board "6"]
[WhiteTeam "Tammer-Shakki 2"]
[BlackTeam "Lauttasaaren Suomalainen Shakkikerho"]
[WhiteElo "1967"]
[BlackElo "1989"]

1.d4 d5 2.Nf3 Nf6 3.c4 c6 4.e3 e6 5.b3 Be7 6.Bd3 O-O 7.O-O c5 8.dxc5 dxc4
9.Bxc4 Bxc5 10.Bb2 Nbd7 11.Qe2 Qe7 12.Nc3 b6 13.Rfd1 Bb7 14.Ba6 Bxa6 15.Qxa6
e5 16.a3 Bd6 17.b4 e4 18.Nd2 Bxh2+ 19.Kf1 Be5 20.Nc4 Bxc3 21.Bxc3 Rfc8 22.Qb7
Qe6 23.Nd6 Rab8 24.Qxc8+ Rxc8 25.Nxc8 Qc4+ 26.Kg1 Qxc8 27.Rac1 Qb8 28.Rd4 h5
29.Rcd1 Qc7 30.Bb2 Ne5 0-1

[Event "Finland Team Ch"]
[Site "Tampere FIN"]
[Date "2017.10.21"]
[Round "3"]
[White "Sobenin, Evgeny"]
[Black "Niemi, Jani-Petteri"]
[Result "1/2-1/2"]
[Section "I Division:B"]
[Board "7"]
[WhiteTeam "Lauttasaaren Suomalainen Shakkikerho"]
[BlackTeam "Tammer-Shakki 2"]
[WhiteElo "1971"]
[BlackElo "1897"]

1.d4 g6 2.c4 Bg7 3.Nc3 c5 4.Nf3 cxd4 5.Nxd4 Nc6 6.Nxc6 bxc6 7.Qa4 Qb6 8.g3 d6
9.Nd5 Qb7 10.Bg2 Bd7 11.Nb4 Rb8 12.Nd3 c5 13.Bxb7 Bxa4 14.Bg2 Nh6 15.Kd2 Nf5
16.Rb1 Kd7 17.b3 Bc6 18.Bxc6+ Kxc6 19.e3 a5 20.Bb2 Rb7 21.g4 Bxb2 22.Rxb2 Ng7
23.a3 h5 24.g5 h4 25.Nf4 Ne6 26.Nh3 Rhb8 27.Kc3 f6 28.Rg1 f5 29.Rgb1 d5
30.cxd5+ Kxd5 31.f3 Ke5 32.f4+ Ke4 33.Nf2+ Kf3 34.Nd3 Ke4 35.Nf2+ Kf3 36.Nd3
Ke4 1/2-1/2

[Event "Finland Team Ch"]
[Site "Tampere FIN"]
[Date "2017.10.21"]
[Round "3"]
[White "Keso, Elias"]
[Black "Luosto, Kerkko"]
[Result "1-0"]
[Section "I Division:B"]
[Board "8"]
[WhiteTeam "Tammer-Shakki 2"]
[BlackTeam "Lauttasaaren Suomalainen Shakkikerho"]
[WhiteElo "1889"]
[BlackElo "1929"]

1.e4 c5 2.Nc3 d6 3.f4 Nc6 4.Nf3 g6 5.Bc4 Bg7 6.O-O Nh6 7.d3 O-O 8.Qe1 Na5 9.f5
Nxc4 10.dxc4 Ng4 11.Qh4 Ne5 12.Nxe5 Bxe5 13.Nd5 f6 14.fxg6 hxg6 15.c3 Rf7
16.Bf4 g5 17.Qg3 Rg7 18.Bxe5 dxe5 19.Rad1 Qf8 20.Rd2 Bd7 21.Nc7 Rd8 22.Rfd1 e6
23.Nxe6 Qe7 24.Nxg7 Kxg7 25.Rd5 Kf7 26.Qd3 Ke8 27.Rd6 b6 28.Qd5 Qg7 29.Qb7 1-0